TEXTBOOK OF ENVIRONMENTAL STUDIES FOR UNDERGRADUATE COURSES (Record no. 7971)

MARC details
000 -LEADER
fixed length control field 00460nam a22001817a 4500
005 - DATE AND TIME OF LATEST TRANSACTION
control field 20220219164423.0
008 - FIXED-LENGTH DATA ELEMENTS--GENERAL INFORMATION
fixed length control field 220219b ||||| |||| 00| 0 eng d
020 ## - INTERNATIONAL STANDARD BOOK NUMBER
ISBN 978-93-89211-788
041 ## - LANGUAGE CODE
Language code of text/sound track or separate title eng
082 ## - DEWEY DECIMAL CLASSIFICATION NUMBER
Classification number 628.2
100 ## - MAIN ENTRY--AUTHOR NAME
Personal name BHARUCHA, ERACH
245 ## - TITLE STATEMENT
Title TEXTBOOK OF ENVIRONMENTAL STUDIES FOR UNDERGRADUATE COURSES
250 ## - EDITION STATEMENT
Edition statement 3RD, ED.
260 ## - PUBLICATION, DISTRIBUTION, ETC. (IMPRINT)
Place of publication UNIVERSITIES PRESS
Year of publication 2021
300 ## - PHYSICAL DESCRIPTION
Number of Pages 266;p
650 ## - SUBJECT ADDED ENTRY--TOPICAL TERM
Topical Term MINING
942 ## - ADDED ENTRY ELEMENTS (KOHA)
Koha item type Books
Holdings
Lost status Damaged status Home library Current library Shelving location Date acquired Source of acquisition Cost, normal purchase price Full call number Accession Number Koha item type Collection code
    JRU Library JRU Library SHELF -11-D 19/02/2022 PURCHASE 325.00 628.2 26551 Books  
    JRU Library JRU Library SHELF-59-C 19/02/2022 PURCHASE 325.00 628.2 26552 Books MINING
    JRU Library JRU Library SHELF-59-C 19/02/2022 PURCHASE 325.00 628.2 26553 Books MINING
    JRU Library JRU Library SHELF-59-C 19/02/2022 PURCHASE 325.00 628.2 26554 Books MINING
    JRU Library   SHELF-76-C 19/02/2022 PURCHASE 325.00 628.2 26555 Books